University physics with modern physics

Mechanics of point particles; Extended objects, matter, and circular motion; Oscillations and waves; Thermal physics; Electricity; Magnetism; Optics; Relativity and quantum physics.

Salvato in:
Dettagli Bibliografici
Autore principale: Bauer, W. (Wolfgang) 1959-
Altri autori: Westfall, Gary D.
Natura: Libro
Lingua:English
Pubblicazione: New York McGraw-Hill 2014
Edizione:Second edition.
Soggetti:
Tags: Aggiungi Tag
Nessun Tag, puoi essere il primo ad aggiungerne! !
Thư viện lưu trữ: Mạng thư viện Đại học Đà Nẵng
LEADER 01323nam a2200349 4500
001 000024392
003 20880
005 20161207151245.0
008 161207s2014 engsd
020 |a 9780073513881  |a 9780077409623  |a 0073513881 
041 0 |a eng 
082 1 4 |a 530  |b BA-W 
100 1 |a Bauer, W. (Wolfgang)  |d 1959- 
245 1 0 |a University physics with modern physics  |c Wolfgang Bauer, Gary D. Westfall. 
250 |a Second edition. 
260 |a New York  |b McGraw-Hill  |c 2014 
300 |a xxiv, 1298 p., A12, AP14, C4, I30.  |b ill.  |c 29 cm. 
500 |a Includes index. 
520 3 |a Mechanics of point particles; Extended objects, matter, and circular motion; Oscillations and waves; Thermal physics; Electricity; Magnetism; Optics; Relativity and quantum physics. 
650 0 4 |a Physics  |v Textbooks 
653 |a Physics 
700 1 |a Westfall, Gary D. 
OWN |a LSP 
AVA |a UDN50  |b LSP  |d 530 BA-W  |e available  |t Error 5001 Not defined in file expand_doc_bib_avail.  |f 1  |g 0  |h N  |i 0  |k 1 
999 |a From the UDN01 
AVA |a UDN50  |b LSP  |d 530 BA-W  |e available  |t Error 5001 Not defined in file expand_doc_bib_avail.  |f 1  |g 0  |h N  |i 0  |k 1 
TYP |a Monograph 
TYP |a Printed language 
980 |a Mạng thư viện Đại học Đà Nẵng